000 01336nam a2200349 a 4500
001 ebr10494562
003 CaPaEBR
006 m u
007 cr cn|||||||||
008 100805s2010 enka sb 001 0 eng d
010 _z 2010285904
020 _z9780470685761 (hbk.)
020 _z047068576X (hbk.)
020 _z9780470972724 (e-book)
040 _aCaPaEBR
_cCaPaEBR
035 _a(OCoLC)760884548
050 1 4 _aHG6024.A3
_bG74 2010eb
082 0 4 _a332.6457
_222
100 1 _aGregory, Jon,
_cPh. D.
245 1 0 _aCounterparty credit risk
_h[electronic resource] :
_bthe new challenge for global financial markets /
_cJon Gregory.
260 _aChichester, U.K. :
_bWiley,
_cc2010.
300 _axxiv, 424 p. :
_bill.
490 1 _aWiley finance
504 _aIncludes bibliographical references and index.
533 _aElectronic reproduction.
_bPalo Alto, Calif. :
_cebrary,
_d2011.
_nAvailable via World Wide Web.
_nAccess may be limited to ebrary affiliated libraries.
650 0 _aDerivative securities
_xMathematical models.
650 0 _aRisk management.
655 7 _aElectronic books.
_2local
710 2 _aebrary, Inc.
830 0 _aWiley finance series.
856 4 0 _uhttp://site.ebrary.com/lib/rucke/Doc?id=10494562
_zAn electronic book accessible through the World Wide Web; click to view
999 _c232295
_d232295